Stack 'em high, rent 'em cheap (Record no. 67629)
[ view plain ]
| 000 -LEADER | |
|---|---|
| fixed length control field | 00565cam a2200181 4500 |
| 001 - CONTROL NUMBER | |
| control field | X113537 |
| 008 - FIXED-LENGTH DATA ELEMENTS--GENERAL INFORMATION | |
| fixed length control field | 000000n2001 000 0 eng u |
| 035 ## - SYSTEM CONTROL NUMBER | |
| System control number | (Sirsi) u113537 |
| 100 ## - MAIN ENTRY--PERSONAL NAME | |
| Personal name | Bennett, D. |
| 245 ## - TITLE STATEMENT | |
| Title | Stack 'em high, rent 'em cheap |
| 260 ## - PUBLICATION, DISTRIBUTION, ETC. | |
| Date of publication, distribution, etc. | 2001 |
| 490 ## - SERIES STATEMENT | |
| Series statement | Contract Journal |
| Volume/sequential designation | 409(6333) 27 June 2001, 14-15(2) |
| 520 ## - SUMMARY, ETC. | |
| Summary, etc. | Looks at the use of standard shipping containers to provide cost-effective, flexible office space. |
| 650 ## - SUBJECT ADDED ENTRY--TOPICAL TERM | |
| Topical term or geographic name entry element | OFFICES |
| 650 ## - SUBJECT ADDED ENTRY--TOPICAL TERM | |
| Topical term or geographic name entry element | PREFABRICATION |
| 690 ## - LOCAL SUBJECT ADDED ENTRY--TOPICAL TERM (OCLC, RLIN) | |
| Topical term or geographic name as entry element | BUILT ENVIRONMENT-CONSTRUCTION DESIGN |
| 942 ## - ADDED ENTRY ELEMENTS (KOHA) | |
| Suppress in OPAC | 0 |
| Withdrawn status | Lost status | Source of classification or shelving scheme | Damaged status | Not for loan | Home library | Current library | Shelving location | Date acquired | Total Checkouts | Full call number | Barcode | Date last seen | Copy number | Price effective from | Koha item type |
|---|---|---|---|---|---|---|---|---|---|---|---|---|---|---|---|
| Dewey Decimal Classification | London | London | Journal article | 09/07/2001 | X113537 | 113537-1001 | 06/08/2019 | 1 | 06/08/2019 | Journal article |